A history of Western architecture / (Record no. 607684)

000 -LEADER
fixed length control field 01210 a2200253 4500
003 - CONTROL NUMBER IDENTIFIER
control field OSt
005 - DATE AND TIME OF LATEST TRANSACTION
control field 20240213124838.0
008 - FIXED-LENGTH DATA ELEMENTS--GENERAL INFORMATION
fixed length control field 170511t xxu||||| |||| 00| 0 eng d
010 ## - LIBRARY OF CONGRESS CONTROL NUMBER
LC control number 2005921992
020 ## - INTERNATIONAL STANDARD BOOK NUMBER
International Standard Book Number 9781856697903
035 ## - SYSTEM CONTROL NUMBER
System control number (OCoLC)ocm61286041
040 ## - CATALOGING SOURCE
Transcribing agency 0
082 04 - DEWEY DECIMAL CLASSIFICATION NUMBER
Classification number 720.91821
Author Mark WES
100 1# - MAIN ENTRY--PERSONAL NAME
Personal name Watkin, David,
9 (RLIN) 33064
245 12 - TITLE STATEMENT
Title A history of Western architecture /
Statement of responsibility, etc. David Watkin.
250 ## - EDITION STATEMENT
Edition statement 5th ed.
260 ## - PUBLICATION, DISTRIBUTION, ETC.
Place of publication, distribution, etc. New York :
Name of publisher, distributor, etc. Laurence King Publishing,
Date of publication, distribution, etc. 2011.
300 ## - PHYSICAL DESCRIPTION
Extent 720 p. :
Other physical details ill. (some col.), plans ;
Dimensions 24 cm.
505 0# - FORMATTED CONTENTS NOTE
Formatted contents note Mesopotamia and Egypt -- The classical foundation: Greek, Hellenistic, Roman -- Early Christian and Byzantine -- Carolingian and Romanesque -- The Gothic experiment -- Renaissance harmony -- Baroque expansion -- Eighteenth-century classicism -- The Nineteenth century -- Art Nouveau -- The Twentieth century and beyond.
650 #0 - SUBJECT ADDED ENTRY--TOPICAL TERM
Topical term or geographic name entry element Architecture, Western
General subdivision History.
9 (RLIN) 33065
856 42 - ELECTRONIC LOCATION AND ACCESS
Materials specified Contributor biographical information
Uniform Resource Identifier <a href="http://www.loc.gov/catdir/enhancements/fy0908/2005921992-b.html">http://www.loc.gov/catdir/enhancements/fy0908/2005921992-b.html</a>
856 42 - ELECTRONIC LOCATION AND ACCESS
Materials specified Publisher description
Uniform Resource Identifier <a href="http://www.loc.gov/catdir/enhancements/fy0908/2005921992-d.html">http://www.loc.gov/catdir/enhancements/fy0908/2005921992-d.html</a>
942 ## - ADDED ENTRY ELEMENTS (KOHA)
Institution code [OBSOLETE] SADA
Koha item type Book
Call number prefix 720.91821 WAT 2011
Source of classification or shelving scheme
Holdings
Withdrawn status Lost status Source of classification or shelving scheme Damaged status Not for loan Permanent Location Current Location Date acquired Source of acquisition Total Checkouts Full call number Barcode Date last seen Cost, replacement price Price effective from Koha item type
          School of Art Design and Architecture (SADA) School of Art Design and Architecture (SADA) 01/04/2017 S.A.Rehman   720.91821 WES 2011 SADA0002629 02/13/2024 1230.83 02/13/2024 Book
© 2023 Central Library, National University of Sciences and Technology. All Rights Reserved.